000 00653nam a2200265Ia 4500
005 20260121173415.0
008 008 260114s9999 xx 000 0 eng d
020 _a9783031070716
037 _aEBOOK
040 _aCRL
040 _beng
040 _cCRL
041 _2eng
041 _aeng
084 _qCRL
100 _aMatteo Colombo, Luigi Curini
_91100481
245 0 _aDiscussing the Islamic State on Twitter
260 _bSpringer
260 _bSpringer
260 _c2022
856 _uhttps://link.springer.com/openurl?genre=book&isbn=978-3-031-07071-6
942 _cEBOOK
999 _c1666226
_d1666226